Central Library OPAC University of Rajshahi

The people's war : (Record no. 24427)

MARC details
000 -LEADER
fixed length control field 00819nam a2200289I 4500
001 - CONTROL NUMBER
control field 24427
003 - CONTROL NUMBER IDENTIFIER
rucl marc code BD-RjUL
005 - DATE AND TIME OF LATEST TRANSACTION
control field 20211209001041.0
008 - FIXED-LENGTH DATA ELEMENTS--GENERAL INFORMATION
fixed length control field 140313s1969 enkach 001 0 eng d
020 ## - INTERNATIONAL STANDARD BOOK NUMBER
International Standard Book Number 0224616536
035 ## - SYSTEM CONTROL NUMBER
System control number (BD-RjUL)24493
System control number (OCoLC)16090157
040 ## - CATALOGING SOURCE
Original cataloging agency UKM
Transcribing agency UKM
Language of cataloging eng
041 ## - LANGUAGE CODE
Language code of text/sound track or separate title eng
082 00 - DEWEY DECIMAL CLASSIFICATION NUMBER
Classification number 940.5342
Author mark and year CAP 1969
099 ## - LOCAL FREE-TEXT CALL NUMBER (OCLC)
Bangla Class number DA587.C146 1986
100 1# - MAIN ENTRY--PERSONAL NAME
Personal name Calder, Angus.
9 (RLIN) 75196
245 14 - TITLE STATEMENT
Title The people's war :
Remainder of title Britain 1939-45 /
Statement of responsibility, etc. Angus Calder.
260 ## - PUBLICATION, DISTRIBUTION, ETC. (IMPRINT)
Place of publication, distribution, etc. London :
Name of publisher, distributor, etc. Cape,
Date of publication, distribution, etc. c1969.
300 ## - PHYSICAL DESCRIPTION
Pagination 656 p., [32] p. of plates :
Illustrations ill., facsims., ports. ;
Size 24 cm.
504 ## - BIBLIOGRAPHY, ETC. NOTE
Bibliography, etc Bibliography: p. 624-639.
Bibliography, etc Includes index.
650 #0 - SUBJECT ADDED ENTRY--TOPICAL TERM
Topical term or geographic name as entry element World War, 1939-1945
Geographic subdivision Great Britain.
9 (RLIN) 75197
942 ## - ADDED ENTRY ELEMENTS (KOHA)
Source of classification or shelving scheme Dewey Decimal Classification
Koha item type Books
Holdings
Lost status Source of classification or shelving scheme Damaged status Not for loan Collection code Permanent Location Current Location Shelving location Date acquired Source of acquisition Cost, normal purchase price Total Checkouts Full call number Date last seen Copy number Koha item type
  Dewey Decimal Classification   Added to bundle Non-fiction Central Library, University of Rajshahi Central Library, University of Rajshahi Reading Room 02/08/1972 Book Center 71.50   940.5342 CAP 1969 13/03/2014 C-1 Books